Paedagogiai [!pedagógiai] értekezések az. 1892/3. évi gymnasiumi [!gimnáziumi] és reáliskolai értesítőkben (38.) Burán Gergely: A keszthelyi k. gymn. kiegészítésének története.. [könyvismertetés] /

Elmentve itt :
Bibliográfiai részletek
Szerző: Waldapfel János
További közreműködők: Burián Gergely
Dokumentumtípus: Cikk
Megjelent: 1894
Sorozat:Magyar pedagógia : a Magyar Tudományos Akadémia Pedagógiai Bizottságának folyóirata 3
Kulcsszavak:Iskolatörténet Magyarország regionális, Keszthely, Iskolatörténet
Online Access:http://misc.bibl.u-szeged.hu/14840
LEADER 00911nab a2200193 i 4500
001 misc14840
005 20191106144324.0
008 170607s1894 hu o 0|| hun d
022 |a 0025-0260 
040 |a SZTE Miscellanea Repozitórium  |b hun 
041 |a hun 
100 1 |a Waldapfel János 
245 1 0 |a Paedagogiai [!pedagógiai] értekezések az. 1892/3. évi gymnasiumi [!gimnáziumi] és reáliskolai értesítőkben (38.)   |h [elektronikus dokumentum] :  |b Burán Gergely: A keszthelyi k. gymn. kiegészítésének története.. [könyvismertetés] /  |c  Waldapfel János 
260 |c 1894 
300 |a 366 
490 0 |a Magyar pedagógia : a Magyar Tudományos Akadémia Pedagógiai Bizottságának folyóirata  |v 3 
695 |a Iskolatörténet Magyarország regionális, Keszthely, Iskolatörténet 
700 0 1 |a Burián Gergely 
856 4 0 |u http://misc.bibl.u-szeged.hu/14840/1/mp_1894_0214_366.pdf  |z Dokumentum-elérés